personagens One Piece - Statistics

Estatísticas Gerais
  • Esse quiz foi jogado 1 234 vezes
  • A pontuação média é 36 de 130
Estatísticas das Respostas
respostas % Correto
luffy
98%
zoro
94%
nami
90%
sanji
84%
chopper
78%
ace
73%
brook
72%
shanks
70%
franky
69%
kaido
69%
usopp
68%
barba branca
65%
big mom
65%
jinbe
65%
law
65%
nico robin
65%
sabo
62%
crocodile
61%
doflamingo
59%
akainu
58%
buggy
58%
dragon
57%
gol d roger
55%
kid
55%
vivi
54%
kizaru
52%
aokiji
51%
arlong
49%
katakuri
48%
kuma
48%
mihawk
48%
enel
46%
teach
44%
boa hancock
43%
marco
43%
smoker
38%
gecko moria
36%
yamato
36%
king
34%
koby
34%
oden
33%
alvida
31%
perona
31%
queen
31%
bon clay
30%
fujitora
30%
killer
30%
momonosuke
30%
rayleigh
30%
zeff
29%
ivankov
28%
carrot
26%
bepo
25%
kin'emon
24%
shirahoshi
24%
tashigi
24%
yasopp
23%
x-drake
22%
bartolomeo
21%
bellamy
21%
pedro
21%
foxy
20%
helmeppo
20%
jack
20%
rebecca
20%
perospero
19%
hawkins
18%
nekomamushi
18%
absalom
16%
capone bege
16%
inuarashi
16%
kanjuro
16%
urouge
16%
cracker
14%
jozu
14%
magellan
14%
cavendish
13%
orochi
13%
baby 5
12%
benn beckman
12%
dadan
12%
ryuma
12%
vista
12%
galdino
11%
leo
11%
oars
11%
fisher tiger
10%
going merry
10%
jewelry bonney
10%
oven
10%
shiki
10%
shiryu
10%
sugar
10%
catarina devon
9%
daz bones
9%
trebol
9%
brulee
8%
denjiro
8%
kawamatsu
8%
smoothie
8%
jesus burgess
7%
zeus
7%
lucky roux
6%
neptune
6%
o-kiku
6%
raizou
6%
sai
6%
thousand sunny
6%
van augur
6%
inazuma
5%
otohime
5%
aladin
4%
daifuku
4%
greenbull
4%
hajrudin
4%
shinobu
4%
belmere
3%
carue
3%
ideo
3%
napoleon
3%
prometheus
3%
wiper
3%
ashura douji
2%
dra kureha
2%
dr hiluluk
2%
laffitte
2%
scratchman apoo
2%
mansherry
1%
orlumbus
1%
tenryuubito
1%
Nenhum quiz correspondente encontrado
Distribuição das Pontuações
Porcentagem de Pessoas com Cada Pontuação
Percentil de Números Respondidos
Sua Pontuação Histórica
Você não jogou esse quiz